Online
Catalog

Servidores y equipo responsable en los grupos de oración / (Record no. 46256)

MARC details
000 -CABECERA
campo de control de longitud fija 02322nam a2200313 a 4500
001 - NÚMERO DE CONTROL
campo de control 000046767
005 - FECHA Y HORA DE LA ÚLTIMA TRANSACCIÓN
campo de control 20250217092805.0
008 - DATOS DE LONGITUD FIJA--INFORMACIÓN GENERAL
campo de control de longitud fija 180322s2016 dr 000 0 spa d
020 ## - NÚMERO INTERNACIONAL ESTÁNDAR DEL LIBRO
Número Internacional Estándar del Libro 9789945903935
040 ## - FUENTE DE LA CATALOGACIÓN
Centro catalogador/agencia de origen DO-SdBNP
Lengua de catalogación spa
Centro/agencia transcriptor BNPHU
082 ## - NÚMERO DE LA CLASIFICACIÓN DECIMAL DEWEY
Número de clasificación 270.82
Número de documento/Ítem J91s, 2016
100 1# - ENTRADA PRINCIPAL--NOMBRE DE PERSONA
Nombre de persona Juanes, Benigno
Fechas asociadas al nombre 1916-2009
9 (RLIN) 442
245 10 - MENCIÓN DE TÍTULO
Título Servidores y equipo responsable en los grupos de oración /
Mención de responsabilidad, etc. P. Benigno Juanes, S.J. ; presentación Juan F. Pepén.
250 ## - MENCIÓN DE EDICIÓN
Mención de edición 5a ed.
260 ## - PUBLICACIÓN, DISTRIBUCIÓN, ETC.
Lugar de publicación, distribución, etc. Santo Domingo :
Nombre del editor, distribuidor, etc. Amigo del Hogar,
Fecha de publicación, distribución, etc. 2016.
300 ## - DESCRIPCIÓN FÍSICA
Extensión 254 p. :
Otras características físicas 22 cm.
490 1# - MENCIÓN DE SERIE
Mención de serie Torrentes
Designación de volumen o secuencia 4
500 ## - NOTA GENERAL
Nota general Guía para la renovación carismática católica
500 ## - NOTA GENERAL
Nota general Incluye referencias bibliográficas y notas al pie de las páginas.
505 0# - NOTA DE CONTENIDO CON FORMATO
Nota de contenido con formato Para construir una autentica reunión de oración : orientaciones generales --
Título Para construir una autentica reunión de adoración : actuación general del servidor --
-- Para construir una autentica reunión de oración : puntos fundamentales --
-- Para construir una autentica reunión de oración --
-- Sugerencias a los servidores respecto de sí mismo --
-- Sugerencias a los servidores respecto de los grupos de oración --
-- Sugerencias a los servidores respecto a los párrocos: La párroquía y su inserción en ella --
-- El equipo de servidores en el grupo de oración --
-- La misión del equipo de servidores del grupo de oración --
-- Sugerencias al responsable frente a los demás servidores del grupo de oración --
-- Dificultades y problemas en los grupos de oración y la actuación del servidor --
-- La reunión fuerte y la reunión débil en los grupos de oración : actuación del servidor --
-- Como discernir el estado del grupo de oración en orden a revitalizarlo --
-- Revitalización de los grupos de oración : evaluación de los servidores --
-- Revitalización de los grupos de oración --
-- Evaluación de los grupos de oración --
-- Los problemas entre responsables --
590 ## - NOTA LOCAL (RLIN)
Nota local Inventariado, 2018 /LP
650 #4 - PUNTO DE ACCESO ADICIONAL DE MATERIA--TÉRMINO DE MATERIA
Término de materia o nombre geográfico como elemento de entrada Movimiento carismático
9 (RLIN) 666
650 #4 - PUNTO DE ACCESO ADICIONAL DE MATERIA--TÉRMINO DE MATERIA
Término de materia o nombre geográfico como elemento de entrada Renovación carismática
9 (RLIN) 667
650 #0 - PUNTO DE ACCESO ADICIONAL DE MATERIA--TÉRMINO DE MATERIA
Término de materia o nombre geográfico como elemento de entrada Vida cristiana
9 (RLIN) 668
650 #4 - PUNTO DE ACCESO ADICIONAL DE MATERIA--TÉRMINO DE MATERIA
Término de materia o nombre geográfico como elemento de entrada Grupos de oración
Subdivisión general Bautistas, iglesia católica, etc.
9 (RLIN) 669
700 1# - PUNTO DE ACCESO ADICIONAL--NOMBRE DE PERSONA
Nombre de persona Pepén, Juan F.
Forma completa/desarrollada del nombre (Juan Felix)
Término indicativo de función/relación present.
9 (RLIN) 13174
830 #0 - PUNTO DE ACCESO ADICIONAL DE SERIE-TÍTULO UNIFORME
Título uniforme Torrentes ;
Número de parte o sección de la obra 4
9 (RLIN) 34333
910 ## - DATOS DE OPCIÓN DEL USUARIO (OCLC)
Datos de opción del usuario Validado. Control de calidad MFF
Holdings
Estado de retiro Estado de pérdida Restricciones de uso No para préstamo Código de colección Localización permanente Ubicación/localización actual Ubicación en estantería Fecha de adquisición Número de inventario Total de préstamos Signatura topográfica completa Código de barras Fecha visto por última vez Número de copia Precio válido a partir de Tipo de ítem Koha
        Dominicana de Servicio General General Depósito 22.03.2018 LF1   270.82 J91s, 2016 46767-30 25.06.2020 e. 3 25.06.2020 Libro y Folleto Colección Dominicana de Servicio
      Excluido de préstamo Patrimonio Dominicano Patrimonio Dominicano Patrimonio Dominicano Depósito 22.03.2018 LF1   270.82 J91s, 2016 46767-10 25.06.2020   25.06.2020 Libro y Folleto Colección Patrimonio Dominicano
      Excluido de préstamo Patrimonio Dominicano Patrimonio Dominicano Patrimonio Dominicano Depósito 22.03.2018 LF1   270.82 J91s, 2016 46767-20 25.06.2020 e. 2 25.06.2020 Libro y Folleto Colección Patrimonio Dominicano

Powered by Koha